Countries Dave from Tesco has been to (Map) - Statistics

General Stats
  • This quiz has been taken 22 times
  • The average score is 4 of 6
Answers on the Map
Answers color-coded by a green-red scale on the quiz's map according to % correct below.
 
Answer Stats
Country % Correct
United Kingdom
100%
United States of America
89%
España/Spain
83%
Mexíco/Mexico
67%
Portugal
67%
الإمارات العربية المتحدة/Imārāt Arabiyya Muttaḥida/United Arab Emirates
33%
No matching quizzes found
Score Distribution
Percent of People with Each Score
Percentile by Number Answered
Your Score History
You have not taken this quiz